Legislación de la función pública : comentarios, jurisprudencia y normativa de la Unión Europea / por Alfonso J. Villagómez Cebrián, Fidel M. Pérez Montes comentarios, jurisprudencia y normativa de la Unión Europea / por Alfonso J. Villagómez Cebrián, Fidel M. Pérez Montes
ISBN:
84-7879-187-6
Descripción Física:
617 p. ; 20 cm
MARC
| LEADER | 00000nam a2200000Ia 4500 | ||
|---|---|---|---|
| 001 | 20523 | ||
| 008 | 160829s1994 xx 000 0 cat d | ||
| 020 | |a 84-7879-187-6 | ||
| 080 | |a D-4-13 | ||
| 100 | |a Espanya. Lleis, etc. |9 23269 | ||
| 245 | |a Legislación de la función pública : |b comentarios, jurisprudencia y normativa de la Unión Europea / por Alfonso J. Villagómez Cebrián, Fidel M. Pérez Montes | ||
| 260 | |a Madrid : |b Colex, |c 1994 | ||
| 300 | |a 617 p. ; |c 20 cm | ||
| 650 | 0 | |a Funció pública |x Dret i legislació |x Espanya |9 42023 | |
| 700 | |a Villagómez Cebrián, Alfonso J. |9 46240 | ||
| 700 | |a Pérez Montes, Fidel M. |9 46241 | ||
| 901 | |a Arxiu | ||
| 942 | |n 1 | ||
| 952 | |0 1 |1 0 |2 udc |4 0 |5 2 |6 D413 |7 1 |9 53101 |a Arxiu |b Arxiu |d 2016-12-01 |l 0 |o D-4-13 |p 20523 |r 2016-12-01 00:00:00 |w 2016-12-01 |y ARXIU | ||
| 999 | |c 56950 |d 56950 | ||